Thinking in C++: introduction to standard C++ (Record no. 62821)
[ view plain ]
| 000 -LEADER | |
|---|---|
| fixed length control field | 00693nam a22002057a 4500 |
| 003 - CONTROL NUMBER IDENTIFIER | |
| control field | NUST - PNEC |
| 005 - DATE AND TIME OF LATEST TRANSACTION | |
| control field | 20170116180758.0 |
| 008 - FIXED-LENGTH DATA ELEMENTS--GENERAL INFORMATION | |
| fixed length control field | 150408b xxu||||| |||| 00| 0 eng d |
| 020 ## - INTERNATIONAL STANDARD BOOK NUMBER | |
| International Standard Book Number | 9788131706619 |
| 040 ## - CATALOGING SOURCE | |
| Transcribing agency | LIBRARY |
| 082 ## - DEWEY DECIMAL CLASSIFICATION NUMBER | |
| Classification number | 005.133 ECK |
| 100 ## - MAIN ENTRY--PERSONAL NAME | |
| 9 (RLIN) | 2249 |
| Personal name | Eckel Bruce |
| 245 ## - TITLE STATEMENT | |
| Title | Thinking in C++: introduction to standard C++ |
| Statement of responsibility, etc. | Bruce Eckel |
| 250 ## - EDITION STATEMENT | |
| Edition statement | 2nd ed. |
| Remainder of edition statement | Vol - 1 |
| 260 ## - PUBLICATION, DISTRIBUTION, ETC. | |
| Place of publication, distribution, etc. | New Delhi: |
| Name of publisher, distributor, etc. | Pearson Education, |
| Date of publication, distribution, etc. | c2000. |
| 300 ## - PHYSICAL DESCRIPTION | |
| Extent | 814 p. : |
| 650 ## - SUBJECT ADDED ENTRY--TOPICAL TERM | |
| 9 (RLIN) | 2250 |
| Topical term or geographic name entry element | Computer Programming |
| General subdivision | MIS, Computer |
| 856 ## - ELECTRONIC LOCATION AND ACCESS | |
| Uniform Resource Identifier | <a href="http://www.amazon.com/Thinking-C-2e-1-ECKEL/dp/8131706613/ref=sr_1_1?s=books&ie=UTF8&qid=1428483769&sr=1-1&keywords=9788131706619">http://www.amazon.com/Thinking-C-2e-1-ECKEL/dp/8131706613/ref=sr_1_1?s=books&ie=UTF8&qid=1428483769&sr=1-1&keywords=9788131706619</a> |
| 942 ## - ADDED ENTRY ELEMENTS (KOHA) | |
| Source of classification or shelving scheme | |
| Koha item type | Book |
| Withdrawn status | Lost status | Source of classification or shelving scheme | Damaged status | Not for loan | Permanent Location | Current Location | Shelving location | Date acquired | Source of acquisition | Cost, normal purchase price | Total Checkouts | Full call number | Barcode | Date last seen | Cost, replacement price | Price effective from | Koha item type |
|---|---|---|---|---|---|---|---|---|---|---|---|---|---|---|---|---|---|
| Pakistan Navy Engineering College (PNEC) | Pakistan Navy Engineering College (PNEC) | 03/27/2015 | Progressive International Agency / Library Grant | 1259.00 | 005.133 ECK | PNECLIB-032116 | 04/08/2015 | 1259.00 | 03/27/2015 | Book |
